|
|
|
|
| LEADER |
00000cam a2200000 a 4500 |
| 001 |
vtls001116015 |
| 003 |
SK-MaSNL |
| 005 |
20260426011008.0 |
| 008 |
250414s1979 xo o n 00000 slo |
| 015 |
|
|
|a SNBA1979
|
| 035 |
|
|
|a SNK000058858
|
| 040 |
|
|
|a SNK
|b slo
|c SNK
|e AACR2
|
| 041 |
0 |
|
|a slo
|b rus
|b ger
|b fre
|
| 044 |
|
|
|a xo
|c SK
|
| 080 |
|
|
|a 730.032.6/.7(437.6)(084.12)
|2 1981
|
| 100 |
1 |
|
|a Kolník, Titus,
|d 1932-2017
|4 aut
|9 14050
|
| 245 |
1 |
0 |
|a Skvosty antiky na Slovensku
|c Títus Kolník ; fotografie Jozef Krátky
|
| 250 |
|
|
|a 1. vyd.
|
| 260 |
|
|
|a Bratislava
|b Tatran
|c 1979
|e Martin
|f Tlačiarne SNP
|
| 300 |
|
|
|a 156 s.
|b fotogr.
|c 23 cm
|
| 366 |
|
|
|e 5000 výtl.
|
| 490 |
1 |
|
|a Dávnoveké umenie Slovenska. Ars slovaca antiqua
|v zv. 5
|
| 504 |
|
|
|a Obsahuje bibliografiu
|
| 546 |
|
|
|a Ruské, nemecká a francúzske resumé
|
| 650 |
0 |
7 |
|a antické umenie
|2 SNKPH
|9 2867
|
| 650 |
0 |
7 |
|a výtvarné umenie
|2 SNKPH
|9 723
|
| 650 |
0 |
7 |
|a umelecké pamiatky
|2 SNKPH
|9 2977
|
| 650 |
0 |
7 |
|a historické pamiatky
|2 SNKPH
|9 75346
|
| 651 |
|
7 |
|a Slovensko
|2 SNKPHgeo
|9 14231
|
| 655 |
|
7 |
|a monografie
|2 SNKPH
|9 70139
|
| 655 |
|
7 |
|a texty a fotografie
|2 SNKPH
|9 73097
|
| 700 |
1 |
|
|a Krátky, Jozef
|4 pht
|9 9733
|
| 700 |
1 |
|
|a Kovačevič, Ivan Július,
|d 1909-1979
|4 bkd
|9 147243
|
| 830 |
|
0 |
|a Dávnoveké umenie Slovenska. Ars slovaca antiqua
|9 678442
|
| 852 |
|
|
|a Slovenská národná knižnica
|
| 954 |
|
|
|a odborná, vedecká literatúra pôvodná (slovenská)
|2 lita
|
| 954 |
|
|
|a obrazové publikácie zamerané na výtvarné umenie a fotografiu pôvodné (slovenské)
|2 lita
|
| 958 |
|
|
|a OND
|
| 958 |
|
|
|a NB
|
| 958 |
|
|
|a TL
|
| 999 |
|
|
|c 1050751
|d 1052681
|
| 952 |
|
|
|t snkKOL 7(437.6)
|a SNKUST
|b SNKUST
|y PREZ
|7 0
|p 17A0063998
|o snkSC 46229 D1
|i snkKSP 2810/79
|0 0
|1 0
|4 0
|d 1997-06-20
|l 0
|r 2025-05-29 00:00:00
|w 2026-02-24
|